Foundation Teams in American Sports - Statistics

General Stats
  • This quiz has been taken 14 times
  • The average score is 7 of 37
Answer Stats
Competition Answer % Correct
NHL (1917-18) Montreal Canadiens
82%
NBA (1946–47 BAA) New York Knicks
73%
NBA (1946–47 BAA) Boston Celtics
64%
MLB (1876 NL) Cincinnati Reds
45%
NFL (1920 APFA) Buffalo All-Americans
36%
NFL (1920 APFA) Chicago Cardinals
36%
NHL (1917-18) Ottawa Senators
36%
NFL (1920 APFA) Columbus Panhandles
27%
MLB (1876 NL) Philadelphia Athletics
27%
NBA (1946–47 BAA) Philadelphia Warriors
27%
NBA (1946–47 BAA) Pittsburgh Ironmen
27%
NBA (1946–47 BAA) Providence Steamrollers
27%
NBA (1946–47 BAA) Washington Capitols
27%
NFL (1920 APFA) Canton Bulldogs
18%
NFL (1920 APFA) Decatur Staleys
18%
NFL (1920 APFA) Muncie Flyers
18%
NFL (1920 APFA) Rochester Jeffersons
18%
NFL (1920 APFA) Akron Pros
9%
NFL (1920 APFA) Chicago Tigers
9%
MLB (1876 NL) Chicago White Stockings
9%
NFL (1920 APFA) Cleveland Tigers
9%
NBA (1946–47 BAA) Detroit Falcons
9%
NFL (1920 APFA) Hammond Pros
9%
MLB (1876 NL) Hartford Dark Blues
9%
NHL (1917-18) Montreal Wanderers
9%
NFL (1920 APFA) Rock Island Independents
9%
MLB (1876 NL) St Louis Brown Stockings
9%
NHL (1917-18) Toronto Hockey Club
9%
MLB (1876 NL) Boston Red Caps
0%
NBA (1946–47 BAA) Chicago Stags
0%
NBA (1946–47 BAA) Cleveland Rebels
0%
NFL (1920 APFA) Dayton Triangles
0%
NFL (1920 APFA) Detroit Heralds
0%
MLB (1876 NL) Louisville Grays
0%
MLB (1876 NL) New York Mutuals
0%
NBA (1946–47 BAA) St Louis Bombers
0%
NBA (1946–47 BAA) Toronto Huskies
0%
No matching quizzes found
Score Distribution
Percent of People with Each Score
Percentile by Number Answered
Your Score History
You have not taken this quiz